Państwa, które nienawidzą Stanów Zjednoczonych - Statystyki

Ogólne statystyki
  • Ten quiz został rozwiązany 215 razy
  • Średni wynik to 10 z 18
Statystyki odpowiedzi
Odpowiedzi % Poprawnych
Rosja
99%
Chiny
94%
Korea Północna
83%
Iran
82%
Białoruś
76%
Afganistan
68%
Syria
59%
Kuba
58%
Wenezuela
50%
Jemen
48%
Libia
47%
Somalia
43%
Algieria
42%
Sudan
41%
Laos
35%
Palestyna
29%
Nikaragua
28%
Angola
23%
Nie znaleziono quizów pasujących do podanych kryteriów
Rozkład punktacji
Procent ludzi z każdym wynikiem
Percentyl według liczby udzielonych odpowiedzi
Twoja historia wyników
Nie rozwiązałeś tego quizu